<?xml version="1.0" encoding="UTF-8"?>
<record
    xmlns:xsi="http://www.w3.org/2001/XMLSchema-instance"
    xsi:schemaLocation="http://www.loc.gov/MARC21/slim http://www.loc.gov/standards/marcxml/schema/MARC21slim.xsd"
    xmlns="http://www.loc.gov/MARC21/slim">

  <leader>03305nam a2200409 a 4500</leader>
  <controlfield tag="001">ebr10363831</controlfield>
  <controlfield tag="003">CaPaEBR</controlfield>
  <controlfield tag="006">m        u        </controlfield>
  <controlfield tag="007">cr cn|||||||||</controlfield>
  <controlfield tag="008">071010s2008    ne a    sb    001 0 eng  </controlfield>
  <datafield tag="010" ind1=" " ind2=" ">
    <subfield code="z">  2007042232</subfield>
  </datafield>
  <datafield tag="020" ind1=" " ind2=" ">
    <subfield code="z">9789004164796 (hardback : alk. paper)</subfield>
  </datafield>
  <datafield tag="020" ind1=" " ind2=" ">
    <subfield code="z">9004164790 (hardback : alk. paper)</subfield>
  </datafield>
  <datafield tag="040" ind1=" " ind2=" ">
    <subfield code="a">CaPaEBR</subfield>
    <subfield code="c">CaPaEBR</subfield>
  </datafield>
  <datafield tag="035" ind1=" " ind2=" ">
    <subfield code="a">(OCoLC)313012484</subfield>
  </datafield>
  <datafield tag="050" ind1="1" ind2="4">
    <subfield code="a">TD194.6</subfield>
    <subfield code="b">.T47 2008eb</subfield>
  </datafield>
  <datafield tag="082" ind1="0" ind2="4">
    <subfield code="a">333.71/4</subfield>
    <subfield code="2">22</subfield>
  </datafield>
  <datafield tag="245" ind1="0" ind2="0">
    <subfield code="a">Theory and practice of transboundary environmental impact assessment</subfield>
    <subfield code="h">[electronic resource] /</subfield>
    <subfield code="c">edited by Kees Bastmeijer, Timo Koivurova.</subfield>
  </datafield>
  <datafield tag="260" ind1=" " ind2=" ">
    <subfield code="a">Leiden ;</subfield>
    <subfield code="a">Boston :</subfield>
    <subfield code="b">Martinus Nijhoff Publishers,</subfield>
    <subfield code="c">2008.</subfield>
  </datafield>
  <datafield tag="300" ind1=" " ind2=" ">
    <subfield code="a">xxi, 397 p. :</subfield>
    <subfield code="b">ill.</subfield>
  </datafield>
  <datafield tag="490" ind1="1" ind2=" ">
    <subfield code="a">Legal aspects of sustainable development,</subfield>
    <subfield code="x">1875-0923 ;</subfield>
    <subfield code="v">v. 1</subfield>
  </datafield>
  <datafield tag="504" ind1=" " ind2=" ">
    <subfield code="a">Includes bibliographical references and index.</subfield>
  </datafield>
  <datafield tag="505" ind1="0" ind2=" ">
    <subfield code="a">Transboundary environmental impact assessment: an introduction / Kees Bastmeijer and Timo Koivurova -- The Convention on Environmental Impact Assessment in a transboundary context / Wiecher Schrage -- Environmental impact assessment and the framework Convention for the Protection of the Marine Environment of the Caspian Sea / Rie Tsutsumi &amp; Kristy Robinson -- Transboundary environmental impact assessment: the Nordic Environmental Protection Convention / Timo Koivurova -- Transboundary environmental impact assessment in North America: obstacles and opportunities / Neil Craik -- Assessment of transboundary environmental impacts in developing countries: the case of Central America / Marianela Cede&#xFFFD;no -- Environmental impact assessment in the Bay of Bengal sub region in South Asia / Daud Hassan -- Implementing guidelines for environmental impact assessment in the Arctic / Timo Koivurova -- Environmental impact assessment in Antarctica / Kees Bastmeijer and Ricardo Roura -- Environmental impact assessment and the international seabed authority / Gw&#xFFFD;ena&#xFFFD;elle Le Gurun -- Environmental impact assessment in the space sector / Lotta Viikari -- The World Bank and environmental impact assessment / Jean-Roger Mercier -- Implementing the ESPOO convention: an international financial institution perspective / Elizabeth Smith -- The equator principles: a voluntary approach / by Bankers Leonie Schreve -- Conclusions: globalisation of transboundary environmental impact assessment / Kees Bastmeijer and Timo Koivurova.</subfield>
  </datafield>
  <datafield tag="533" ind1=" " ind2=" ">
    <subfield code="a">Electronic reproduction.</subfield>
    <subfield code="b">Palo Alto, Calif. :</subfield>
    <subfield code="c">ebrary,</subfield>
    <subfield code="d">2013.</subfield>
    <subfield code="n">Available via World Wide Web.</subfield>
    <subfield code="n">Access may be limited to ebrary affiliated libraries.</subfield>
  </datafield>
  <datafield tag="630" ind1="0" ind2="0">
    <subfield code="a">Convention on Environmental Impact Assessment in a Transboundary Context</subfield>
    <subfield code="d">(1991)</subfield>
  </datafield>
  <datafield tag="650" ind1=" " ind2="0">
    <subfield code="a">Environmental impact analysis.</subfield>
  </datafield>
  <datafield tag="650" ind1=" " ind2="0">
    <subfield code="a">Transboundary pollution.</subfield>
  </datafield>
  <datafield tag="650" ind1=" " ind2="0">
    <subfield code="a">Transboundary pollution</subfield>
    <subfield code="z">Europe.</subfield>
  </datafield>
  <datafield tag="650" ind1=" " ind2="0">
    <subfield code="a">Environmental impact statements</subfield>
    <subfield code="x">Law and legislation.</subfield>
  </datafield>
  <datafield tag="650" ind1=" " ind2="0">
    <subfield code="a">Transboundary pollution</subfield>
    <subfield code="x">Law and legislation.</subfield>
  </datafield>
  <datafield tag="655" ind1=" " ind2="7">
    <subfield code="a">Electronic books.</subfield>
    <subfield code="2">local</subfield>
  </datafield>
  <datafield tag="700" ind1="1" ind2=" ">
    <subfield code="a">Bastmeijer, C. J.,</subfield>
    <subfield code="d">1966-</subfield>
  </datafield>
  <datafield tag="700" ind1="1" ind2=" ">
    <subfield code="a">Koivurova, Timo.</subfield>
  </datafield>
  <datafield tag="710" ind1="2" ind2=" ">
    <subfield code="a">ebrary, Inc.</subfield>
  </datafield>
  <datafield tag="830" ind1=" " ind2="0">
    <subfield code="a">Legal aspects of sustainable development ;</subfield>
    <subfield code="v">v. 1.</subfield>
  </datafield>
  <datafield tag="856" ind1="4" ind2="0">
    <subfield code="u">http://site.ebrary.com/lib/rucke/Doc?id=10363831</subfield>
    <subfield code="z">An electronic book accessible through the World Wide Web; click to view</subfield>
  </datafield>
  <datafield tag="999" ind1=" " ind2=" ">
    <subfield code="c">214987</subfield>
    <subfield code="d">214987</subfield>
  </datafield>
</record>
